000 01337nam a2200337 a 4500
001 000114639
003 CHAP
005 20220329144451.0
008 180314s2017 mx a fsm |||||||spa d
010 _a111100
011 _a112072
040 _cCHAP
090 _aTesis
100 1 _aHernández Saucedo, Fernando
_9134863
245 1 0 _aCalidad nutritiva de ensilados de maíz forrajero arrayan (Zea mays L.) producido en condiciones de agricultura tradicional y de conservación en la Comarca Lagunera /
_h[En línea]
_cpor Fernando Hernández Saucedo y Miriam Villalobos Ruiz.
260 _aChapingo, Méx. :
_bEl autor,
_c2017.
500 _aPara ver el contenido del material haga clic en la liga
502 _aTesis (Ing. en Sistemas Pecuarios) -- UACH. Unidad Regional Universitaria de Zonas Áridas
590 _aE8697GMM
_b05
_c20180314
_lUCH01
_h0843
590 _aE8697GMM
_b05
_c20180314
_lUCH01
_h0845
590 _aE8697GMM
_b05
_c20180314
_lUCH01
_h0959
590 _aE8697GMM
_b05
_c20180314
_lUCH01
_h1411
650 1 4 _aMaíz como forraje.
_971109
650 1 4 _aMaíz
_xComposición.
_970908
650 1 4 _aMaíz
_xValor nutritivo.
_971080
700 1 _aVillalobos Ruiz, Miriam
_9134864
856 _aFinding aid
_uhttp://10.13.5.2/tesis/sist114639.pdf
_zTeclea aquí
901 _aBK
942 _cTESIS
942 _n0
999 _c111100
_d111100